00397nam a2200109Ia 4500008004100000082002000041100003200061245001400093260003900107630001800146650012300164211109s9999||||xx |||||||||||||| ||und|| a894.8121bNAR-A aNarayana Menon, Vallathol,  0aAnirudhan bNATIONAL BOOKSTALLaKottayamc1900 xGeneral Stack aLiteratures of other languagesvAltaic, Uralic, Hyperborean & DravidianMalayalam LiteratureMalayalam PoetryxGeneralia